Normal view
MARC view
Entry Personal Name
001 - CONTROL NUMBER
- control field: 1013006
003 - CONTROL NUMBER IDENTIFIER
- control field: OSt
005 - DATE AND TIME OF LATEST TRANSACTION
- control field: 20260121154917.0
008 - FIXED-LENGTH DATA ELEMENTS
- fixed length control field: 260121|| aca||aabn | a|a d
040 ## - CATALOGING SOURCE
- Original cataloging agency: OSt
- Transcribing agency: OSt
100 ## - HEADING--PERSONAL NAME
- Personal name: Stephen Chen; Shane Homan; Tracy Redhead; Richard Vella
670 ## - SOURCE DATA FOUND
- Source citation: Work cat.: (OSt)1579825: Stephen Chen; Shane Homan; Tracy Redhead; Richard Vella , The Music Export Business
